[Event "IRI-ch U12 Girls"]
[Site "Chess.com INT"]
[Date "2021.01.16"]
[Round "8"]
[White "Alavi, Mahsa"]
[Black "Shabanzadeh, S Negar"]
[Result "1/2-1/2"]
[WhiteElo "1549"]
[BlackElo "1120"]
[PlyCount "121"]
[EventDate "2021.01.16"]
[EventType "swiss"]
[EventRounds "9"]
[EventCountry "IRI"]
[SourceTitle "EXT 2022"]
[Source "ChessBase"]
[SourceDate "2021.10.06"]
[SourceVersion "1"]
[SourceVersionDate "2021.10.06"]
[SourceQuality "1"]

1. e4 c5 2. Nf3 g6 3. d4 cxd4 4. Nxd4 Bg7 5. c4 d6 6. Nc3 Nc6 7. Be3 Nf6 8. Be2 0-0 9. 0-0 Bd7 10. Qd2 Ng4 11. Bxg4 Bxg4 12. f3 Be6 13. b3 Qa5 14. Rac1 Nxd4 15. Bxd4 Bxd4+ 16. Qxd4 Rac8 17. Rfd1 Rfe8 18. Rc2 Qc5 19. Rcd2 Qxd4+ 20. Rxd4 Rc5 21. Kf2 Rec8 22. Ke3 a6 23. a4 Kf8 24. h3 h5 25. f4 f6 26. Kf3 h4 27. Nd5 Bxd5 28. Rxd5 Rxd5 29. Rxd5 Kf7 30. Kg4 Rh8 31. a5 Ke6 32. b4 Rc8 33. Rd4 Rh8 34. b5 Ra8 35. bxa6 Rxa6 36. Rd5 Rc6 37. Rb5 Rxc4 38. Rxb7 Rxe4 39. a6 Ra4 40. a7 d5 41. Kf3 Ra3+ 42. Ke2 d4 43. Kd2 Ra2+ 44. Kd3 Ra4 45. Kc2 Kf5 46. Kb3 Ra1 47. Kb2 Ra4 48. Rxe7 Kxf4 49. Rb7 d3 50. Kc3 Ra3+ 51. Kd2 Kg3 52. Rb4 Kxg2 53. Rxh4 Rxa7 54. Rg4+ Kxh3 55. Rxg6 f5 56. Kxd3 f4 57. Ke4 Ra4+ 58. Kf3 Kh4 59. Rg4+ Kh3 60. Rxf4 Rxf4+ 61. Kxf4 1/2-1/2

[Event "IRI-ch U12 Girls"]
[Site "Chess.com INT"]
[Date "2021.01.16"]
[Round "5"]
[White "Shabanzadeh, S Negar"]
[Black "Ebrahimi Rashti, Asal"]
[Result "0-1"]
[WhiteElo "1120"]
[BlackElo "1575"]
[PlyCount "48"]
[EventDate "2021.01.16"]
[EventType "swiss"]
[EventRounds "9"]
[EventCountry "IRI"]
[SourceTitle "EXT 2022"]
[Source "ChessBase"]
[SourceDate "2021.10.06"]
[SourceVersion "1"]
[SourceVersionDate "2021.10.06"]
[SourceQuality "1"]

1. e4 c5 2. Nf3 e6 3. d4 cxd4 4. Nxd4 Nf6 5. Nc3 d6 6. Bb5+ Bd7 7. Bxd7+ Qxd7 8. 0-0 Be7 9. Bg5 0-0 10. Bxf6 Bxf6 11. Re1 Nc6 12. Nxc6 Qxc6 13. Qf3 a6 14. Rad1 b5 15. a3 Rfd8 16. Re3 a5 17. b4 axb4 18. axb4 Rdc8 19. Ne2 Qxc2 20. Ng3 Ra2 21. Re2 Qxd1+ 22. Nf1 Rxe2 23. h3 Re1 24. Kh2 Qxf3 0-1

[Event "IRI-ch U12 Girls"]
[Site "Chess.com INT"]
[Date "2021.01.16"]
[Round "4"]
[White "Shahmohammadi, Dorsa"]
[Black "Shabanzadeh, S Negar"]
[Result "0-1"]
[WhiteElo "1313"]
[BlackElo "1120"]
[PlyCount "94"]
[EventDate "2021.01.16"]
[EventType "swiss"]
[EventRounds "9"]
[EventCountry "IRI"]
[SourceTitle "EXT 2022"]
[Source "ChessBase"]
[SourceDate "2021.10.06"]
[SourceVersion "1"]
[SourceVersionDate "2021.10.06"]
[SourceQuality "1"]

1. e4 c5 2. c3 g6 3. Nf3 Bg7 4. d4 cxd4 5. cxd4 d6 6. Nc3 Nf6 7. Bc4 0-0 8. Bd3 Nc6 9. Be3 Ng4 10. 0-0 Nxe3 11. fxe3 Bg4 12. Be2 Rc8 13. a3 a6 14. Rc1 b5 15. b4 Bh6 16. Qd3 e5 17. d5 Ne7 18. Na2 Qb6 19. Kf2 Bxf3 20. Bxf3 f5 21. Ke2 Rc4 22. h3 Rfc8 23. Rxc4 bxc4 24. Qc3 Qb5 25. Rd1 Qa4 26. Rd2 f4 27. exf4 Bxf4 28. Rc2 Kf7 29. Bg4 Rc7 30. g3 Bh6 31. Qf3+ Kg7 32. Qc3 Nc8 33. Bxc8 Rxc8 34. Nc1 Qb5 35. g4 Bxc1 36. Rxc1 Qa4 37. Ke3 Rf8 38. Qxc4 Qxa3+ 39. Rc3 Qa1 40. Rc1 Qa3+ 41. Rc3 Qa1 42. Qc7+ Kh8 43. Qc4 Qe1+ 44. Qe2 Qxc3+ 45. Qd3 Qe1+ 46. Qe2 Qxe2+ 47. Kxe2 Rb8 0-1